von Hinüber O., Entstehung und Aufbau der Jâtaka-Sammlung. Studien zur Literatur der Theravâda-Buddhismus I, coll. Ak. der Wissenschaften und der Literatur, Stuttgart, Steiner, 1998, 24x17, 224 p. ISBN 3-515-07342-63 (notice n° 1621125)

détails MARC
000 -LEADER
fixed length control field 01476cam a2200169 4500500
005 - DATE AND TIME OF LATEST TRANSACTION
control field 20260111091413.0
041 ## - LANGUAGE CODE
Language code of text/sound track or separate title fre
042 ## - AUTHENTICATION CODE
Authentication code dc
100 10 - MAIN ENTRY--PERSONAL NAME
Personal name Dole, Abbé Georges
Relator term author
245 00 - TITLE STATEMENT
Title von Hinüber O., Entstehung und Aufbau der Jâtaka-Sammlung. Studien zur Literatur der Theravâda-Buddhismus I, coll. Ak. der Wissenschaften und der Literatur, Stuttgart, Steiner, 1998, 24x17, 224 p. ISBN 3-515-07342-63
260 ## - PUBLICATION, DISTRIBUTION, ETC.
Date of publication, distribution, etc. 2007.<br/>
500 ## - GENERAL NOTE
General note 100
520 ## - SUMMARY, ETC.
Summary, etc. La publication d’un roman historique d’A.-S. Jacouty, consacré à la disgrâce de Fénelon, offre l’occasion d’un bref rappel de la querelle qui opposa Bossuet à l’Archevêque de Cambrai, sur les thèmes du « pur amour » et du quiétisme. Ces pages permettent de restaurer la grande figure de Fénelon et de faire ainsi ressortir les valeurs universalistes de sa doctrine qui en font l’actualité.
520 ## - SUMMARY, ETC.
Summary, etc. Fenelon’s royal disfavour and self-imposed exile, as the result of his dispute with Bossuet in the matter of « pure love » and quietism, is the theme of a recently published historical novel... which starts the author thinking : in a plea in Fenelon’s favour, he brings out the meaning of the universal, and yet very actual, values of his doctrine.
786 0# - DATA SOURCE ENTRY
Note Nouvelle revue théologique | 129 | 1 | 2007-01-01 | p. 119y-142y | 0029-4845
856 41 - ELECTRONIC LOCATION AND ACCESS
Uniform Resource Identifier <a href="https://shs.cairn.info/revue-nouvelle-revue-theologique-2007-1-page-119y?lang=fr&redirect-ssocas=7080">https://shs.cairn.info/revue-nouvelle-revue-theologique-2007-1-page-119y?lang=fr&redirect-ssocas=7080</a>

Pas d'exemplaire disponible.

PLUDOC

PLUDOC est la plateforme unique et centralisée de gestion des bibliothèques physiques et numériques de Guinée administré par le CEDUST. Elle est la plus grande base de données de ressources documentaires pour les Étudiants, Enseignants chercheurs et Chercheurs de Guinée.

Adresse

627 919 101/664 919 101

25 boulevard du commerce
Kaloum, Conakry, Guinée

Réseaux sociaux

Powered by Netsen Group @ 2025